Restoration and eighteenth-century poetry 1660-1780 (Record no. 396465)

MARC details
000 -LEADER
fixed length control field 00478 a2200181 4500
005 - DATE & TIME
control field 20260422110300.0
008 - FIXED-LENGTH DATA ELEMENTS--GENERAL INFORMATION
fixed length control field 260422b |||||||| |||| 00| 0 eng d
020 ## - ISBN
International Standard Book Number 9781138821194
Price £ 18.00
040 ## - CATALOGING SOURCE
Original cataloging agency VIVEKANANDA LIBRARY
082 ## - DDC NUMBER
Classification number 821.09
Book Number R746R
100 ## - MAIN ENTRY--PERSONAL NAME
Personal name Rothstein, Eric
245 ## - TITLE STATEMENT
Title Restoration and eighteenth-century poetry 1660-1780
260 ## - PUBLICATION, DISTRIBUTION, ETC. (IMPRINT)
Name of publisher, distributor, etc Routledge
Place of publication, distribution, etc Oxon
Date of publication, distribution, etc 1981
300 ## - PHYSICAL DESCRIPTION
Pages xiv, 242
650 ## - Subject
Subject English Literature
650 ## - Subject
Subject English Poetry
942 ## - ADDED ENTRY ELEMENTS (KOHA)
Koha item type Books
Holdings
Withdrawn status Lost status Source of classification or shelving scheme Damaged status Not for loan Location (home branch) Sublocation or collection (holding branch) Shelving location Date acquired Koha issues (times borrowed) Koha full call number Accession No. Koha date last seen Koha item type
    Dewey Decimal Classification     VIVEKANANDA LIBRARY VIVEKANANDA LIBRARY Vivekananda Library 02/02/2026   821.09 R746R 444770 02/02/2026 Books
© Designed and Maintained by Vivekananda Library, MDU Rohtak